[Event "CAN op"]
[Site "Hamilton CAN"]
[Date "2022.07.12"]
[Round "1.89"]
[White "Chychkevych, Bohdan"]
[Black "Zhong, Victor"]
[Result "1-0"]
[WhiteElo "1580"]
[BlackElo "1141"]
[PlyCount "61"]
[EventDate "2022.07.12"]
[EventType "swiss"]
[EventRounds "9"]
[EventCountry "CAN"]

1. d4 d5 2. c4 c6 3. Nc3 Nf6 4. e3 e6 5. Nf3 Nbd7 6. b3 Bd6 7. Bd3 O-O 8. Qc2
c5 9. O-O b6 10. cxd5 exd5 11. Bb2 Bb7 12. Rac1 a6 13. Rfe1 Rc8 14. Qb1 c4 15.
Bf5 cxb3 16. axb3 Bb4 17. Ne5 g6 18. Bh3 a5 19. Red1 Qe7 20. Na4 Rxc1 21. Rxc1
Nxe5 22. dxe5 Ne4 23. Nxb6 Nd2 24. Qd3 Rd8 25. Rd1 Qh4 26. Rxd2 Bxd2 27. Qxd2
Qe4 28. f3 Qb1+ 29. Kf2 Qa2 30. e6 Qxb3 31. Qd4 1-0

[Event "CAN op"]
[Site "Hamilton CAN"]
[Date "2022.07.12"]
[Round "1.90"]
[White "Callaghan, Ken"]
[Black "Moses, Neil"]
[Result "0-1"]
[WhiteElo "1081"]
[BlackElo "1578"]
[PlyCount "78"]
[EventDate "2022.07.12"]
[EventType "swiss"]
[EventRounds "9"]
[EventCountry "CAN"]

1. e4 c5 2. Nc3 Nc6 3. f4 d6 4. Nf3 Nf6 5. Bb5 Bd7 6. O-O Nd4 7. Bxd7+ Qxd7 8.
d3 g6 9. Nxd4 cxd4 10. Ne2 Bg7 11. Ng3 e5 12. f5 Rc8 13. Bg5 Ng8 14. f6 Bf8 15.
Rc1 h6 16. Bd2 Qe6 17. b3 Nxf6 18. h3 Bg7 19. c4 O-O 20. Rf2 a6 21. Qe2 b5 22.
Rcf1 bxc4 23. dxc4 Kh7 24. Qd3 Nd7 25. Qb1 Bf6 26. Rf3 Bg7 27. Qc2 h5 28. Qd1
h4 29. Nh1 Nc5 30. Qe1 Qe7 31. Nf2 f5 32. exf5 gxf5 33. b4 Ne6 34. Ra3 e4 35.
Nd1 e3 36. Bc1 Rxc4 37. Nb2 Rc2 38. Nd3 Qg5 39. Rxa6 Qxg2# 0-1

[Event "CAN op"]
[Site "Hamilton CAN"]
[Date "2022.07.12"]
[Round "1.91"]
[White "Gaisinsky, Jacob"]
[Black "McKitrick, Jerry"]
[Result "1-0"]
[WhiteElo "1568"]
[BlackElo "1050"]
[PlyCount "61"]
[EventDate "2022.07.12"]
[EventType "swiss"]
[EventRounds "9"]
[EventCountry "CAN"]

1. e4 e5 2. Nf3 Nc6 3. Bc4 Nf6 4. Ng5 d5 5. exd5 Na5 6. Bb5+ c6 7. dxc6 bxc6 8.
Bd3 h6 9. Ne4 Nxe4 10. Bxe4 Qd4 11. d3 Bc5 12. O-O O-O 13. c3 Qd6 14. b4 Bxb4
15. cxb4 Qxb4 16. Ba3 Qd4 17. Bxf8 Qxa1 18. Qc2 Be6 19. Nc3 Qxf1+ 20. Kxf1 Rxf8
21. Qa4 Nb7 22. Qxc6 Na5 23. Qa4 Nc4 24. dxc4 Rc8 25. Ke1 g6 26. Nd5 Kg7 27.
Qxa7 Rxc4 28. f3 Rc1+ 29. Kd2 Rh1 30. h3 Rh2 31. Qg1 1-0

[Event "CAN op"]
[Site "Hamilton CAN"]
[Date "2022.07.12"]
[Round "1.92"]
[White "Sun, Michael"]
[Black "Xu, Ryan"]
[Result "0-1"]
[WhiteElo "1043"]
[BlackElo "1565"]
[PlyCount "86"]
[EventDate "2022.07.12"]
[EventType "swiss"]
[EventRounds "9"]
[EventCountry "CAN"]

1. d4 d5 2. Bf4 c5 3. c3 Nc6 4. e3 Qb6 5. Qc2 Bf5 6. Bd3 Bxd3 7. dxc5 Bxc2 8.
cxb6 axb6 9. Nd2 e5 10. Bg3 Nf6 11. Ngf3 Bd6 12. O-O O-O 13. c4 Rfd8 14. cxd5
Nxd5 15. Nc4 Bd3 16. Rfc1 Bxc4 17. Rxc4 b5 18. Rcc1 e4 19. Nd4 Nxd4 20. exd4
Bxg3 21. hxg3 Rac8 22. a3 h6 23. Re1 f5 24. g4 g6 25. g3 Nf6 26. gxf5 gxf5 27.
Rac1 Rc4 28. Red1 Nd5 29. Kh2 Rdc8 30. Rxc4 bxc4 31. Kh3 Rc6 32. g4 Rb6 33. Rd2
Rb3+ 34. Kh4 f4 35. g5 e3 36. fxe3 fxe3 37. Rc2 hxg5+ 38. Kxg5 b5 39. Kf5 Rd3
40. Rg2+ Kf7 41. Rh2 Rd2 42. Rh7+ Kg8 43. Kg6 Rg2+ 0-1

[Event "CAN op"]
[Site "Hamilton CAN"]
[Date "2022.07.12"]
[Round "1.93"]
[White "Helwig, Frank"]
[Black "Fakoorziba, Payam"]
[Result "1-0"]
[WhiteElo "1559"]
[BlackElo "1003"]
[PlyCount "97"]
[EventDate "2022.07.12"]
[EventType "swiss"]
[EventRounds "9"]
[EventCountry "CAN"]

1. d4 Nf6 2. c4 e6 3. Nf3 b6 4. e3 Bb7 5. Be2 Be7 6. O-O O-O 7. Nc3 d6 8. Qc2
Nbd7 9. e4 e5 10. d5 Re8 11. Rd1 Nf8 12. Ne1 Ng6 13. Nd3 a5 14. Be3 Bc8 15. f4
exf4 16. Nxf4 Ne5 17. h3 Kh8 18. Rf1 g5 19. Nh5 Rg8 20. Ng3 g4 21. h4 Qf8 22.
Bg5 Qg7 23. Qd2 Re8 24. Qf4 Nfd7 25. Bxe7 Rxe7 26. Nf5 Qf6 27. Nxe7 Qxe7 28. g3
Ba6 29. b3 Rg8 30. Nb5 Nf8 31. Qf6+ Qxf6 32. Rxf6 Nfd7 33. Rf4 Bxb5 34. cxb5 h5
35. Rf5 Kg7 36. Rxh5 Kf8 37. Rf5 Nc5 38. Rf4 a4 39. b4 Ncd3 40. Rf5 Nxb4 41.
Bd1 a3 42. Bb3 Nf3+ 43. Kf2 Nd4 44. Rg5 Nxb3 45. axb3 a2 46. Rxg8+ Kxg8 47. Ke2
f5 48. exf5 Nxd5 49. Kd3 1-0

[Event "CAN op"]
[Site "Hamilton CAN"]
[Date "2022.07.12"]
[Round "1.94"]
[White "Wiraszka, Michal"]
[Black "Nicholson, Devin"]
[Result "0-1"]
[WhiteElo "957"]
[BlackElo "1545"]
[PlyCount "62"]
[EventDate "2022.07.12"]
[EventType "swiss"]
[EventRounds "9"]
[EventCountry "CAN"]

1. Nf3 Nf6 2. d4 e6 3. Bf4 d5 4. e3 c5 5. c3 Nc6 6. Nbd2 cxd4 7. exd4 Bd6 8.
Bg3 O-O 9. Bd3 Re8 10. Ne5 Bxe5 11. Bxe5 Nxe5 12. dxe5 Nd7 13. f4 Nc5 14. Bc2
Qh4+ 15. g3 Qh3 16. Qf3 b5 17. c4 Bb7 18. cxb5 d4 19. Be4 Nxe4 20. Nxe4 Qf5 21.
Nf6+ gxf6 22. Qxb7 fxe5 23. O-O e4 24. Rae1 e3 25. a4 Qd5 26. Qxd5 exd5 27. Rf3
Rac8 28. Kf1 Rc2 29. Re2 Rc1+ 30. Kg2 d3 31. Rfxe3 Rxe3 0-1

[Event "CAN op"]
[Site "Hamilton CAN"]
[Date "2022.07.12"]
[Round "1.95"]
[White "Qian, Jessica"]
[Black "Higgins, Brian"]
[Result "1-0"]
[WhiteElo "1532"]
[BlackElo "933"]
[PlyCount "85"]
[EventDate "2022.07.12"]
[EventType "swiss"]
[EventRounds "9"]
[EventCountry "CAN"]

1. e4 g6 2. Nf3 Bg7 3. Bc4 d6 4. d4 Nf6 5. Nc3 O-O 6. O-O Nxe4 7. Nxe4 d5 8.
Bd3 dxe4 9. Bxe4 Nc6 10. c3 e5 11. Bxc6 bxc6 12. Nxe5 Bb7 13. Qf3 Qd6 14. Nc4
Qe6 15. Ne3 Rab8 16. Qg4 f5 17. Qf4 Qe7 18. Re1 Rbd8 19. Nc2 Qd7 20. Nb4 a5 21.
Nd3 Qd5 22. Nc5 Rfe8 23. Bd2 Ba8 24. Qxc7 Bf8 25. Bg5 Bxc5 26. Bxd8 Rxd8 27.
dxc5 Qd2 28. h3 Rf8 29. Rad1 Qh6 30. Rd8 Bb7 31. Ree8 Qc1+ 32. Kh2 Qf4+ 33.
Qxf4 Rxe8 34. Rxe8+ Kf7 35. Qc7+ Kxe8 36. Qxb7 h5 37. b4 a4 38. b5 cxb5 39. c6
Kd8 40. c7+ Ke7 41. c8=Q+ Kf6 42. Qd8+ Ke6 43. Qbd5# 1-0

[Event "CAN op"]
[Site "Hamilton CAN"]
[Date "2022.07.12"]
[Round "1.96"]
[White "Takeuchi, Nobuko"]
[Black "Cloete, Jack"]
[Result "0-1"]
[WhiteElo "927"]
[BlackElo "1525"]
[PlyCount "51"]
[EventDate "2022.07.12"]
[EventType "swiss"]
[EventRounds "9"]
[EventCountry "CAN"]

1. d4 d5 2. c4 c6 3. Nc3 Nf6 4. Nf3 Bg4 5. cxd5 Nxd5 6. e4 Nb6 7. Be2 e6 8. O-O
Be7 9. d5 exd5 10. exd5 cxd5 11. h3 Be6 12. Nd4 O-O 13. Nxe6 fxe6 14. Bg4 Qd6
15. Nb5 Qc5 16. Bxe6+ Kh8 17. Nd4 Nc6 18. Be3 Qd6 19. Qg4 Nc4 20. Nf5 Qe5 21.
Bd4 Nxd4 22. Nxd4 Rf4 23. Nf3 Rxg4 24. Nxe5 Rd4 25. Nxc4 dxc4 26. Rfe1 0-1

[Event "CAN op"]
[Site "Hamilton CAN"]
[Date "2022.07.12"]
[Round "1.97"]
[White "Sharpe, Michael"]
[Black "Di Tommaso, Brittany"]
[Result "1-0"]
[WhiteElo "1519"]
[BlackElo "925"]
[PlyCount "127"]
[EventDate "2022.07.12"]
[EventType "swiss"]
[EventRounds "9"]
[EventCountry "CAN"]

1. c4 c6 2. Nc3 d5 3. cxd5 cxd5 4. d4 Nc6 5. Nf3 Bf5 6. g3 Nb4 7. Qa4+ Nc6 8.
Ne5 Bd7 9. Nxd7 Qxd7 10. Bg2 e6 11. O-O Nf6 12. a3 a6 13. e3 b5 14. Qd1 Bd6 15.
Ne2 O-O 16. Bd2 Ne4 17. Be1 Ne7 18. f3 Ng5 19. h4 Nf5 20. Qd3 Nxf3+ 21. Rxf3
Rae8 22. Bb4 Nh6 23. Bh3 Qc7 24. Rc1 Qe7 25. Bxd6 Qxd6 26. Kg2 e5 27. dxe5 Qxe5
28. Qd4 Qxd4 29. Nxd4 g6 30. Rc6 Ra8 31. g4 f6 32. Rcxf6 Rxf6 33. Rxf6 Kg7 34.
Rd6 Re8 35. Kf2 Re4 36. Rxd5 Nxg4+ 37. Kf3 Nf6 38. Rd7+ Nxd7 39. Kxe4 Nf6+ 40.
Ke5 h6 41. Ne6+ Kf7 42. Nc7 g5 43. hxg5 hxg5 44. Kf5 Ke7 45. e4 a5 46. Nd5+
Nxd5 47. exd5 Kd6 48. Ke4 b4 49. a4 b3 50. Kd4 Ke7 51. Ke5 g4 52. Bxg4 Kd8 53.
Kf6 Kc7 54. Ke7 Kb7 55. d6 Ka7 56. d7 Ka6 57. d8=Q Kb7 58. Qd7+ Ka6 59. Be2+
Kb6 60. Qb5+ Kc7 61. Qxa5+ Kb7 62. Bf3+ Kb8 63. Qb6+ Kc8 64. Qb7# 1-0

[Event "CAN op"]
[Site "Hamilton CAN"]
[Date "2022.07.12"]
[Round "1.98"]
[White "Sun, Jonathan"]
[Black "Dickson, Raymond"]
[Result "1-0"]
[WhiteElo "873"]
[BlackElo "1511"]
[PlyCount "67"]
[EventDate "2022.07.12"]
[EventType "swiss"]
[EventRounds "9"]
[EventCountry "CAN"]

1. d4 d5 2. c4 e6 3. Nc3 Nf6 4. Nf3 Be7 5. Bf4 c6 6. e3 O-O 7. Bd3 Nbd7 8. O-O
b6 9. h3 Bb7 10. cxd5 Nxd5 11. Nxd5 cxd5 12. Rc1 Rc8 13. Qe2 Nf6 14. Ne5 Ne4
15. Qh5 f6 16. Ng4 g6 17. Qh6 Rf7 18. f3 Bf8 19. Qh4 g5 20. Nh6+ Bxh6 21. Qxh6
Nd2 22. Rxc8 Qxc8 23. Bd6 Nxf1 24. Kxf1 Qc1+ 25. Ke2 Qxb2+ 26. Kd1 Qa1+ 27. Kd2
Qxa2+ 28. Kc3 f5 29. Qxg5+ Rg7 30. Qd8+ Kf7 31. Qe7+ Kg6 32. Qxe6+ Kh5 33. g4+
Kh4 34. Qh6# 1-0

[Event "CAN op"]
[Site "Hamilton CAN"]
[Date "2022.07.12"]
[Round "1.99"]
[White "Faizy, Mohammed"]
[Black "Chua, Zachary"]
[Result "1-0"]
[WhiteElo "1503"]
[BlackElo "861"]
[PlyCount "67"]
[EventDate "2022.07.12"]
[EventType "swiss"]
[EventRounds "9"]
[EventCountry "CAN"]

1. e4 c5 2. Nf3 d6 3. d4 cxd4 4. Nxd4 Nf6 5. Nc3 Nc6 6. Bg5 e6 7. Qd2 Qb6 8.
Bxf6 gxf6 9. Nb3 h5 10. f4 Be7 11. O-O-O Bd7 12. Kb1 a6 13. Be2 O-O-O 14. Rhf1
h4 15. Rf3 Rdg8 16. Bf1 Qc7 17. a3 Bf8 18. Na2 a5 19. Rc3 Kd8 20. Nd4 e5 21.
Nb5 Qb8 22. Nxd6 Bxd6 23. Rd3 Nd4 24. f5 Bb5 25. Rxd4 exd4 26. Qxa5+ Qc7 27.
Qxb5 Qc6 28. Qa5+ Qc7 29. Qa4 Be5 30. Nb4 Rg4 31. Nd5 Qc8 32. Rxd4 Bxd4 33.
Qxd4 Rxe4 34. Qxf6+ 1-0

[Event "CAN op"]
[Site "Hamilton CAN"]
[Date "2022.07.12"]
[Round "1.100"]
[White "Sun, Erik"]
[Black "Dick, Joel"]
[Result "0-1"]
[WhiteElo "853"]
[BlackElo "1499"]
[PlyCount "98"]
[EventDate "2022.07.12"]
[EventType "swiss"]
[EventRounds "9"]
[EventCountry "CAN"]

1. d4 Nf6 2. Nc3 d5 3. e4 dxe4 4. f3 Bf5 5. Bf4 e6 6. Nb5 Bb4+ 7. c3 Ba5 8. Qa4
c6 9. Nd6+ Kf8 10. Nxb7 Qb6 11. Qa3+ c5 12. Nxa5 Nbd7 13. Nc4 Qc6 14. Bd6+ Kg8
15. dxc5 exf3 16. Nxf3 Qe4+ 17. Be2 Nd5 18. O-O Qxe2 19. Rae1 Qxc4 20. Ne5 Nxe5
21. Bxe5 h5 22. Rf3 a5 23. b3 Qh4 24. Ref1 Rh6 25. g3 Rg6 26. c6 f6 27. Qa4
Qxa4 28. bxa4 fxe5 29. c4 Nb4 30. c7 Rc8 31. a3 Nc2 32. Rb3 Rxc7 33. Rb5 Ne3
34. Rc1 Rxc4 35. Rb8+ Kf7 36. Rxc4 Nxc4 37. Rb3 h4 38. Kf2 hxg3+ 39. hxg3 Be4
40. Rc3 Bd5 41. Ke2 e4 42. Kf2 e3+ 43. Ke2 Rxg3 44. Rb3 Rg2+ 45. Ke1 Bf3 46.
Rb7+ Kf6 47. Rf7+ Kxf7 48. Kf1 Nd2+ 49. Ke1 Rg1# 0-1

[Event "CAN op"]
[Site "Hamilton CAN"]
[Date "2022.07.12"]
[Round "2.1"]
[White "Mikhalevski, Victor"]
[Black "Gavrilin, Roman"]
[Result "1/2-1/2"]
[WhiteElo "2629"]
[BlackElo "2235"]
[PlyCount "113"]
[EventDate "2022.07.12"]
[EventType "swiss"]
[EventRounds "9"]
[EventCountry "CAN"]

1. Nf3 Nf6 2. g3 b6 3. d4 e6 4. c4 Bb7 5. Bg2 Bb4+ 6. Nbd2 a5 7. O-O O-O 8. Qc2
c5 9. dxc5 Bxc5 10. b3 Qe7 11. Bb2 Ba3 12. Bxf6 Qxf6 13. Ng5 Qxg5 14. Bxb7 Ra7
15. Be4 h6 16. Rad1 Qe7 17. Nb1 Bb4 18. Qb2 Rc7 19. e3 Rd8 20. Rd3 b5 21. a3
bxc4 22. bxc4 Bc5 23. Rb3 Nc6 24. Rd1 d6 25. Bxc6 Rxc6 26. Nc3 Qf6 27. Qe2 Qe5
28. Qf3 Rb6 29. Nb5 Rdb8 30. a4 Qf6 31. Qe4 Qe7 32. Rbd3 Rc8 33. Qf4 Bb4 34.
Qd4 Bc5 35. Qc3 Bb4 36. Qd4 Bc5 37. Qf4 Bb4 38. Nxd6 Bxd6 39. Rxd6 Rxd6 40.
Rxd6 Rxc4 41. Qxc4 Qxd6 42. Qb5 Qd8 43. h4 g6 44. Kf1 Qd2 45. Qb8+ Kg7 46. Qe5+
Kf8 47. Qc5+ Ke8 48. Qc6+ Ke7 49. e4 h5 50. Kg2 Qb4 51. Qc7+ Ke8 52. Qc6+ Ke7
53. e5 Qd2 54. Qc5+ Ke8 55. Qc8+ Ke7 56. Qc5+ Ke8 57. Qc8+ 1/2-1/2

[Event "CAN op"]
[Site "Hamilton CAN"]
[Date "2022.07.12"]
[Round "2.2"]
[White "Huang, Youhe"]
[Black "Paragua, Mark"]
[Result "0-1"]
[WhiteElo "2237"]
[BlackElo "2610"]
[PlyCount "50"]
[EventDate "2022.07.12"]
[EventType "swiss"]
[EventRounds "9"]
[EventCountry "CAN"]

1. e4 c5 2. Nf3 e6 3. d4 cxd4 4. Nxd4 Nc6 5. Nc3 Qc7 6. Be3 a6 7. a3 Nf6 8. Bd3
b5 9. O-O Bb7 10. Kh1 Ne5 11. f4 Nc4 12. Bc1 Bc5 13. Nb3 Be3 14. e5 Bxc1 15.
Qxc1 Ng4 16. Ne4 f5 17. exf6 gxf6 18. Nbc5 f5 19. Nxb7 Qxb7 20. Bxc4 Qxe4 21.
Be2 Qxe2 22. Re1 Nf2+ 23. Kg1 Nh3+ 24. Kh1 Qf2 25. Re3 Rg8 0-1

[Event "CAN op"]
[Site "Hamilton CAN"]
[Date "2022.07.12"]
[Round "2.3"]
[White "Preotu, Razvan"]
[Black "Buscar, Michael"]
[Result "1-0"]
[WhiteElo "2608"]
[BlackElo "2223"]
[PlyCount "63"]
[EventDate "2022.07.12"]
[EventType "swiss"]
[EventRounds "9"]
[EventCountry "CAN"]

1. e4 e5 2. Nf3 Nf6 3. d4 Nxe4 4. Bd3 d5 5. Nxe5 Be7 6. O-O O-O 7. c4 Nf6 8.
Qb3 c6 9. Nc3 Nbd7 10. Re1 Nb6 11. c5 Nbd7 12. Qc2 Re8 13. b4 a6 14. Na4 g6 15.
Nxd7 Nxd7 16. Bf4 Bf6 17. Re3 Rxe3 18. fxe3 Qf8 19. Re1 Bd8 20. Bd6 Qg7 21. Qf2
Nf8 22. Nb6 Bxb6 23. cxb6 f5 24. g4 Be6 25. gxf5 gxf5+ 26. Kh1 Qd7 27. Qg3+ Qg7
28. Qf3 Qd7 29. Rg1+ Ng6 30. Be5 Rf8 31. Qh5 Rf7 32. Rxg6+ 1-0

[Event "CAN op"]
[Site "Hamilton CAN"]
[Date "2022.07.12"]
[Round "2.4"]
[White "Han, Johnathan"]
[Black "Sambuev, Bator"]
[Result "1/2-1/2"]
[WhiteElo "2232"]
[BlackElo "2568"]
[PlyCount "150"]
[EventDate "2022.07.12"]
[EventType "swiss"]
[EventRounds "9"]
[EventCountry "CAN"]

1. e4 e6 2. d4 d5 3. e5 c5 4. c3 Nc6 5. Nf3 Qb6 6. a3 Nh6 7. b4 cxd4 8. cxd4
Nf5 9. Be3 Bd7 10. Bd3 Rc8 11. O-O Be7 12. Nbd2 Nxe3 13. fxe3 O-O 14. Nb3 a5
15. b5 Nb8 16. a4 Rc3 17. Nc1 Be8 18. Ne2 Rc7 19. Qe1 f5 20. exf6 Rxf6 21. Nf4
Nd7 22. g4 Rf8 23. g5 g6 24. Qh4 Bf7 25. Qh6 Be8 26. Bxg6 Bxg6 27. Nxg6 Rf7 28.
Nfe5 Nxe5 29. Nxe5 Bxg5 30. Qh3 Rxf1+ 31. Rxf1 Rg7 32. Kh1 Qd6 33. Qh5 Qe7 34.
Rc1 Qf8 35. Qh3 Qe8 36. Qf3 h6 37. Rg1 Qf8 38. Qh3 Qf5 39. Qxf5 exf5 40. Rg3 f4
41. exf4 Bxf4 42. Rf3 Bxe5 43. dxe5 Re7 44. Rf5 Kg7 45. e6 d4 46. Rd5 Kf6 47.
Kg2 Kxe6 48. Rxd4 Ke5 49. Rg4 Kd5 50. Kf3 Kc5 51. Rh4 Re6 52. Kf4 Re2 53. Rxh6
Ra2 54. Rh5+ Kb6 55. Rh6+ Ka7 56. Ke5 Rxa4 57. Kd5 Rb4 58. Kc5 Rb2 59. h3 Rb3
60. h4 Rc3+ 61. Kd4 Rh3 62. Kc5 Rc3+ 63. Kd4 Rc2 64. h5 a4 65. Rg6 Rh2 66. h6
Rh3 67. Kc5 a3 68. b6+ Ka6 69. Rg8 Rh5+ 70. Kb4 Rxh6 71. Kxa3 Kxb6 72. Rg5 Ka6
73. Kb4 Rh4+ 74. Kb3 b6 75. Rf5 b5 1/2-1/2

[Event "CAN op"]
[Site "Hamilton CAN"]
[Date "2022.07.12"]
[Round "2.5"]
[White "Joseph Benher, Savio"]
[Black "Noritsyn, Nikolay"]
[Result "0-1"]
[WhiteElo "2213"]
[BlackElo "2557"]
[PlyCount "54"]
[EventDate "2022.07.12"]
[EventType "swiss"]
[EventRounds "9"]
[EventCountry "CAN"]

1. e4 e5 2. Nf3 Nc6 3. Bb5 a6 4. Ba4 Bc5 5. Bxc6 dxc6 6. d3 Ne7 7. h3 Bd6 8.
Nbd2 c5 9. Nc4 Ng6 10. O-O O-O 11. a4 b6 12. Be3 Re8 13. Nfd2 Bf8 14. Kh1 Rb8
15. Qe2 Bd7 16. Nb3 Re6 17. f3 Qe8 18. a5 b5 19. Ncd2 Rc6 20. c3 Nf4 21. Bxf4
exf4 22. d4 c4 23. d5 Rh6 24. Nd4 Qe5 25. b3 Bxh3 26. gxh3 Rxh3+ 27. Kg2 Qg5+
0-1

[Event "CAN op"]
[Site "Hamilton CAN"]
[Date "2022.07.12"]
[Round "2.6"]
[White "Hambleton, Aman"]
[Black "Manley, Jason"]
[Result "1/2-1/2"]
[WhiteElo "2549"]
[BlackElo "2210"]
[PlyCount "68"]
[EventDate "2022.07.12"]
[EventType "swiss"]
[EventRounds "9"]
[EventCountry "CAN"]

1. d4 Nf6 2. c4 c5 3. d5 b5 4. cxb5 a6 5. bxa6 Bxa6 6. Nc3 d6 7. e4 Bxf1 8.
Kxf1 g6 9. g3 Bg7 10. Kg2 O-O 11. Nge2 Nbd7 12. h3 Nb6 13. Rb1 Qe8 14. b3 Nfd7
15. a4 f5 16. exf5 Rxf5 17. g4 Rf8 18. Ne4 Qf7 19. Nf4 h6 20. Ne6 Nf6 21. Nxf6+
Bxf6 22. Nxf8 Rxf8 23. Qd3 Nxd5 24. Rf1 Bg5 25. Bxg5 hxg5 26. Qe4 Nc3 27. Qe3
Nxb1 28. Rxb1 Qd5+ 29. Kg1 Rf3 30. Qxe7 Rxh3 31. Qe8+ Kg7 32. Qe7+ Kg8 33. Qe8+
Kg7 34. Qe7+ Kg8 1/2-1/2

[Event "CAN op"]
[Site "Hamilton CAN"]
[Date "2022.07.12"]
[Round "2.7"]
[White "Ortiz Suarez, Isan Reynaldo"]
[Black "Moura, Eduardo"]
[Result "1-0"]
[WhiteElo "2526"]
[BlackElo "2194"]
[PlyCount "189"]
[EventDate "2022.07.12"]
[EventType "swiss"]
[EventRounds "9"]
[EventCountry "CAN"]

1. e4 c5 2. Nf3 g6 3. d4 cxd4 4. Nxd4 Bg7 5. Nc3 Nc6 6. Be3 Nf6 7. Bc4 O-O 8.
Bb3 e6 9. O-O d5 10. exd5 exd5 11. h3 Be6 12. Qf3 Ne5 13. Qg3 Nh5 14. Qh2 Nc4
15. Bxc4 dxc4 16. Nxe6 fxe6 17. Rad1 Qb8 18. Qxb8 Rfxb8 19. Nb5 Rd8 20. Nc7
Rxd1 21. Rxd1 Rc8 22. Nxe6 Bxb2 23. Rd7 b5 24. Rxa7 Ng7 25. Nd4 Bxd4 26. Bxd4
Ne6 27. Bc3 Rd8 28. Kh2 Nd4 29. a4 bxa4 30. Rxa4 Nxc2 31. Rxc4 Rd7 32. Kg3 Kf7
33. Kf4 Na3 34. Rc8 Nb5 35. Be5 Ke6 36. Rc5 Nd6 37. Bc3 Nf7 38. Ke3 Rd5 39.
Rc6+ Rd6 40. Rc4 Kd7 41. Ra4 Rc6 42. Bd4 Rc2 43. Ke4 Rc6 44. g4 Ng5+ 45. Ke3
Re6+ 46. Kd3 Nxh3 47. Ra7+ Ke8 48. Rxh7 Nf4+ 49. Kd2 Re2+ 50. Kd1 Re7 51. Rh8+
Kf7 52. Be3 Rd7+ 53. Kc2 Ne6 54. Rh7+ Ke8 55. Rh1 Kf7 56. Kc3 Kf6 57. f4 Kf7
58. Kc4 Kg7 59. Rf1 Kf7 60. Ra1 Kg7 61. Ra6 Kf7 62. Rb6 Ke7 63. Kc3 Kf7 64. Rb4
Ke7 65. Re4 Kf7 66. Kc2 Rd5 67. Ra4 Rd7 68. Rb4 Ke7 69. Bd2 Kf7 70. Kd1 Nd4 71.
Rb2 Nf3 72. Ke2 Nxd2 73. Rxd2 Ra7 74. Rd3 Kg7 75. Kf3 Re7 76. Rd5 Ra7 77. Kg3
Rb7 78. Kh4 Kf6 79. Rd6+ Kg7 80. Ra6 Rc7 81. Re6 Kf7 82. Rb6 Kg7 83. Kg5 Rc5+
84. f5 gxf5 85. gxf5 Rc7 86. Rg6+ Kf7 87. Rh6 Rc1 88. Rh7+ Kg8 89. Re7 Kf8 90.
Kf6 Ra1 91. Re6 Kg8 92. Re8+ Kh7 93. Kf7 Ra7+ 94. Re7 Ra6 95. f6 1-0

[Event "CAN op"]
[Site "Hamilton CAN"]
[Date "2022.07.12"]
[Round "2.8"]
[White "Sheng, Joshua"]
[Black "Song, Terry"]
[Result "1-0"]
[WhiteElo "2558"]
[BlackElo "2218"]
[PlyCount "81"]
[EventDate "2022.07.12"]
[EventType "swiss"]
[EventRounds "9"]
[EventCountry "CAN"]

1. d4 Nf6 2. Nf3 c5 3. d5 b5 4. a4 b4 5. c4 g6 6. b3 Bg7 7. Bb2 d6 8. Nbd2 O-O
9. e4 e6 10. dxe6 fxe6 11. e5 Ng4 12. Ne4 Nc6 13. Qxd6 Qxd6 14. Nxd6 Ngxe5 15.
Nxe5 Nxe5 16. Be2 Bd7 17. O-O Nc6 18. Bxg7 Kxg7 19. Bf3 Rxf3 20. gxf3 Nd4 21.
Ne4 Bc6 22. Nxc5 Nxf3+ 23. Kg2 Nd2+ 24. Kg3 Nxf1+ 25. Rxf1 Kf6 26. Re1 Re8 27.
a5 g5 28. Na6 h5 29. Nxb4 h4+ 30. Kg4 Bd7 31. Rd1 Re7 32. Rd6 Rf7 33. Nd3 Bc8
34. b4 Bb7 35. c5 Be4 36. b5 Ke7 37. Rd4 Bxd3 38. Rxd3 Rxf2 39. b6 axb6 40.
cxb6 Rb2 41. Ra3 1-0

[Event "CAN op"]
[Site "Hamilton CAN"]
[Date "2022.07.12"]
[Round "2.9"]
[White "Campbell, Brett"]
[Black "Liang, Jason"]
[Result "0-1"]
[WhiteElo "2189"]
[BlackElo "2515"]
[PlyCount "66"]
[EventDate "2022.07.12"]
[EventType "swiss"]
[EventRounds "9"]
[EventCountry "CAN"]

1. Nf3 d5 2. g3 g6 3. Bg2 Bg7 4. d4 c6 5. O-O Nf6 6. Bf4 Qb6 7. Qc1 c5 8. dxc5
Qxc5 9. Bh6 O-O 10. c3 Nc6 11. Bxg7 Kxg7 12. Nbd2 e5 13. b4 Qe7 14. Nb3 Bg4 15.
Qe3 Rfe8 16. b5 Nb8 17. a4 Nbd7 18. Nfd2 Qd6 19. f3 Bf5 20. Rfc1 b6 21. g4 Be6
22. h3 Rac8 23. Qd3 Rc7 24. e3 Rec8 25. c4 Qb4 26. cxd5 Nxd5 27. Nf1 Rc3 28.
Qd1 Nxe3 29. Nxe3 Bxb3 30. Qe1 Qd4 31. Rxc3 Rxc3 32. Kf2 Nc5 33. Bf1 Rxe3 0-1

[Event "CAN op"]
[Site "Hamilton CAN"]
[Date "2022.07.12"]
[Round "2.10"]
[White "Banerjee, Bitan"]
[Black "Lin, Leo"]
[Result "1/2-1/2"]
[WhiteElo "2502"]
[BlackElo "2189"]
[PlyCount "170"]
[EventDate "2022.07.12"]
[EventType "swiss"]
[EventRounds "9"]
[EventCountry "CAN"]

1. d4 Nf6 2. c4 g6 3. h4 Bg7 4. Nc3 d5 5. h5 O-O 6. hxg6 hxg6 7. Bh6 Bxh6 8.
Rxh6 Kg7 9. Qd2 c6 10. Nf3 Bf5 11. Ne5 Nbd7 12. Rh4 Rh8 13. Rxh8 Qxh8 14. Qf4
Nf8 15. O-O-O Ne6 16. Qf3 Qh6+ 17. e3 Qg5 18. Qe2 Rh8 19. b3 Ne4 20. Nxe4 dxe4
21. g4 f6 22. gxf5 Qxf5 23. Nd7 Rh2 24. Rd2 Ng5 25. Nc5 b6 26. Na4 Nf3 27. Rc2
Qg5 28. Kb2 Qg1 29. Nc3 f5 30. c5 Rh1 31. d5 cxd5 32. c6 d4 33. c7 d3 34. c8=Q
dxe2 35. Bxe2 Qa1+ 36. Ka3 Ne1 37. Nd1 Nxc2+ 38. Qxc2 Qe5 39. b4 g5 40. Nc3 g4
41. Qd2 Rh2 42. Qe1 a5 43. bxa5 bxa5 44. Kb3 Qc5 45. a3 Rh6 46. Nb5 Rb6 47.
Qxa5 g3 48. fxg3 Qxe3+ 49. Qc3+ Qxc3+ 50. Kxc3 e5 51. a4 Kf6 52. a5 Ra6 53. Kb4
f4 54. Nc3 Ra7 55. gxf4 exf4 56. Nxe4+ Ke5 57. Nc3 Rf7 58. Bf3 Kd4 59. Nd5 Rb7+
60. Nb6 Rb8 61. Bc6 Ke3 62. Kc5 f3 63. a6 f2 64. Bb5 Kd2 65. a7 Rg8 66. Nd5 Ke1
67. Ne3 Kd2 68. Nf1+ Ke1 69. Kb6 Rg6+ 70. Kc7 Rg7+ 71. Kb8 Rg8+ 72. Kb7 Rg7+
73. Ka6 Rg6+ 74. Ka5 Rg8 75. Nh2 Rf8 76. Kb6 Rf6+ 77. Kc5 Rf8 78. Bc4 Rh8 79.
Nf3+ Kd1 80. Ne5 Rc8+ 81. Nc6 Ke1 82. Kb6 Ra8 83. Kb7 Rxa7+ 84. Nxa7 f1=Q 85.
Bxf1 Kxf1 1/2-1/2

[Event "CAN op"]
[Site "Hamilton CAN"]
[Date "2022.07.12"]
[Round "2.11"]
[White "Dorn, Paris"]
[Black "Fedorowicz, John"]
[Result "0-1"]
[WhiteElo "2175"]
[BlackElo "2495"]
[PlyCount "56"]
[EventDate "2022.07.12"]
[EventType "swiss"]
[EventRounds "9"]
[EventCountry "CAN"]

1. d4 Nf6 2. c4 c5 3. d5 b5 4. cxb5 a6 5. e3 g6 6. a4 Bg7 7. Nc3 O-O 8. e4 Bb7
9. Nf3 e6 10. Be2 axb5 11. Bxb5 exd5 12. exd5 Qe7+ 13. Kf1 Na6 14. h4 Nb4 15.
d6 Qe6 16. Ng5 Qf5 17. Be2 h6 18. g4 Qc2 19. Bf3 Ba6+ 20. Kg2 hxg5 21. hxg5 Nh7
22. Bxa8 Rxa8 23. Qxc2 Nxc2 24. Rb1 Bb7+ 25. f3 Nd4 26. Rf1 Ne6 27. Bd2 Nhxg5
28. b4 Nxf3 0-1

[Event "CAN op"]
[Site "Hamilton CAN"]
[Date "2022.07.12"]
[Round "2.12"]
[White "Rodrigue-Lemieux, Shawn"]
[Black "Yang, Jingyun (Ryan)"]
[Result "1-0"]
[WhiteElo "2493"]
[BlackElo "2141"]
[PlyCount "57"]
[EventDate "2022.07.12"]
[EventType "swiss"]
[EventRounds "9"]
[EventCountry "CAN"]

1. a3 a6 2. c4 c6 3. e4 e5 4. d4 exd4 5. Qxd4 d6 6. Nc3 Nf6 7. Bf4 Be7 8. Rd1
O-O 9. Bxd6 Re8 10. Be2 Bxd6 11. Qxd6 Qb6 12. b4 Nbd7 13. c5 Qa7 14. Nf3 a5 15.
O-O axb4 16. axb4 Qa3 17. Qd4 Nf8 18. e5 N6d7 19. Bc4 Ng6 20. Bxf7+ Kxf7 21.
e6+ Kxe6 22. Ng5+ Kf5 23. f4 Nf6 24. Qd3+ Ne4 25. g4+ Kf6 26. Ncxe4+ Rxe4 27.
Qd8+ Ne7 28. Qf8+ Kg6 29. Qf7+ 1-0